Lamps and lighting: a manual of lamps and lighting. (2nd ed.) (Record no. 48765)

MARC details
000 -LEADER
fixed length control field 00672nam a2200205 a 4500
008 - FIXED-LENGTH DATA ELEMENTS--GENERAL INFORMATION
fixed length control field 080109s1972 ||||||||||||||||| || u
020 ## - INTERNATIONAL STANDARD BOOK NUMBER
International Standard Book Number 0713132671
050 ## - LIBRARY OF CONGRESS CALL NUMBER
Classification number TK 4310 Lam
100 ## - MAIN ENTRY--PERSONAL NAME
Personal name Henderson, S. T
245 10 - TITLE STATEMENT
Title Lamps and lighting: a manual of lamps and lighting. (2nd ed.)
250 ## - EDITION STATEMENT
Edition statement 2nd ed.
260 ## - PUBLICATION, DISTRIBUTION, ETC.
Place of publication, distribution, etc. London:
Name of publisher, distributor, etc. Edward Arnold
Date of publication, distribution, etc. 1972
300 ## - PHYSICAL DESCRIPTION
Extent ix, 602p. : ill
350 ## - PRICE (NR) (BK AM CF MU VM SE) [OBSOLETE]
Price 0.00
650 ## - SUBJECT ADDED ENTRY--TOPICAL TERM
Topical term or geographic name entry element ELECTRICITY
650 ## - SUBJECT ADDED ENTRY--TOPICAL TERM
Topical term or geographic name entry element ELECTRIC LAMPS
650 ## - SUBJECT ADDED ENTRY--TOPICAL TERM
Topical term or geographic name entry element LIGHTING
700 ## - ADDED ENTRY--PERSONAL NAME
Personal name Marsden, S. T
995 ## - RECOMMENDATION 995 [LOCAL, UNIMARC FRANCE]
-- 0.00
-- CBU-MAIN LIBRARY (Kitwe)
-- 1
-- 0.00
-- DAMAGED
-- Jun 5, 2009
-- Main Library Open Access Collection
Holdings
Withdrawn status Lost status Source of classification or shelving scheme Damaged status Not for loan Home library Current library Shelving location Date acquired Total Checkouts Full call number Barcode Date last seen Price effective from Koha item type
          CBU-MAIN LIBRARY, KITWE. CBU-MAIN LIBRARY, KITWE.   11/30/2022   TK 4310 Lam 715519 11/30/2022 11/30/2022 MONOGRAPH